|
|
|
|
| LEADER |
00000cam a22000004a 4500 |
| 001 |
musev2_49900 |
| 003 |
MdBmJHUP |
| 005 |
20230905045201.0 |
| 006 |
m o d |
| 007 |
cr||||||||nn|n |
| 008 |
161202s2017 xx o 00 0 eng d |
| 020 |
|
|
|a 9781469631042
|
| 020 |
|
|
|z 9781469631028
|
| 020 |
|
|
|z 9781469631011
|
| 020 |
|
|
|z 9781469631035
|
| 035 |
|
|
|a (OCoLC)968723280
|
| 040 |
|
|
|a MdBmJHUP
|c MdBmJHUP
|
| 100 |
1 |
|
|a Lambe, Jennifer L.
|
| 245 |
1 |
0 |
|a Madhouse :
|b Psychiatry and Politics in Cuban History
|
| 264 |
|
1 |
|b The University of North Carolina Press,
|c 2017.
|
| 264 |
|
3 |
|a Baltimore, Md. :
|b Project MUSE,
|c 2017
|
| 264 |
|
4 |
|c ©2017.
|
| 300 |
|
|
|a 1 online resource (344 pages).
|
| 336 |
|
|
|a text
|b txt
|2 rdacontent
|
| 337 |
|
|
|a computer
|b c
|2 rdamedia
|
| 338 |
|
|
|a online resource
|b cr
|2 rdacarrier
|
| 588 |
|
|
|a Description based on print version record.
|
| 650 |
|
7 |
|a Psychiatry
|x Political aspects.
|2 fast
|0 (OCoLC)fst01081172
|
| 650 |
|
7 |
|a Psychiatry.
|2 fast
|0 (OCoLC)fst01081152
|
| 650 |
|
7 |
|a Psychiatric hospitals.
|2 fast
|0 (OCoLC)fst01081047
|
| 650 |
|
7 |
|a MEDICAL
|x Psychiatry
|x General.
|2 bisacsh
|
| 650 |
|
7 |
|a POLITICAL SCIENCE
|x Public Policy
|x Social Services & Welfare.
|2 bisacsh
|
| 650 |
|
7 |
|a POLITICAL SCIENCE
|x Public Policy
|x Social Security.
|2 bisacsh
|
| 650 |
|
0 |
|a Psychiatry
|x Political aspects
|z Cuba.
|
| 650 |
|
0 |
|a Psychiatry
|z Cuba
|x History.
|
| 650 |
|
0 |
|a Psychiatric hospitals
|z Cuba
|z Mazorra
|x History.
|
| 651 |
|
7 |
|a Cuba
|z Mazorra.
|2 fast
|0 (OCoLC)fst01307452
|
| 651 |
|
7 |
|a Cuba.
|2 fast
|0 (OCoLC)fst01205805
|
| 655 |
|
7 |
|a History.
|2 fast
|0 (OCoLC)fst01411628
|
| 655 |
|
7 |
|a Electronic books.
|2 local
|
| 710 |
2 |
|
|a Project Muse.
|e distributor
|
| 830 |
|
0 |
|a Book collections on Project MUSE.
|
| 856 |
4 |
0 |
|z Texto completo
|u https://projectmuse.uam.elogim.com/book/49900/
|
| 945 |
|
|
|a Project MUSE - Custom Collection
|
| 945 |
|
|
|a Project MUSE - 2017 Complete
|
| 945 |
|
|
|a Project MUSE - 2017 Psychology
|
| 945 |
|
|
|a Project MUSE - 2017 Latin American and Caribbean Studies
|